Fail Meja : Pembantu Tadbir Rendah Gred N11

Bibliographic Details
Format: Book
Published: 2004
Subjects:

MARC

LEADER 00000cam a2200000 7i4500
001 0000016828
005 20060720.0
040 |a INS 
090 0 0 |a FM 15 
245 1 0 |a Fail Meja :   |b Pembantu Tadbir Rendah Gred N11   |c Jabatan Penilaian Dan Perkhidmatan Harta 
260 |a 2004 
300 |a 45 Ms. :   |b ill ;   |c 29 cm. 
650 0 0 |a Civil sevices   |z Malaysia   |x Rules and practice 
650 0 0 |a Office practice in government   |z Malaysia 
999 |a FM00000029   |b BOOK   |c Course Notes   |e Default branch 
999 |a FM00000030   |b BOOK   |c Course Notes   |e Default branch